| 000 | 01176 a2200241 4500 | ||
|---|---|---|---|
| 003 | MN-UlNLM | ||
| 005 | 20230417132021.0 | ||
| 008 | a130s1971 mp ||||| |||| 00| dmon | ||
| 040 | _aМонгол Улсын Үндэсний номын сан | ||
| 041 | _amon | ||
| 084 |
_a89Мон _210-t _bМ 695 _q84 |
||
| 110 | _aМЗЭ | ||
| 245 | 0 | _aМонголын шилдэг өгүүллэг | |
| 250 | _a1 | ||
| 260 | 1 |
_aУБ _bУХГ _c1971 |
|
| 300 | _a717х | ||
| 546 | _aMongolia | ||
| 653 | _aУран зохиол | ||
| 740 |
_aД.Нацагдорж. Хуучин хүү. _aД.Нацагдорж. Хөдөө талын үзэсгэлэн. _aД.Нацагдорж. Үзэгдээгүй юм. _aЧ.Алгаа. Хулгар хээрийн дууль. _aЧ.Алагсай. Аргалийн дууль. _aБ.Бааст. Хаш аяга. _aБ.Бааст. Алтайн хөх дөнөн. _aС.Бадраа. Шонхрын магиаал. _aН.Банзрагч. Энгэрийн гурван хайлаас. _aЦ.Базаррагчаа. Улаан хадны өвөлжөө. _aЗ.Баттулга. Соргог хүмүүс. |
||
| 856 | _aprintbook | ||
| 942 | _cBK | ||
| 999 |
_c57645 _d57645 |
||